000 00503nam a2200181Ia 4500
008 100920s9999 xx 000 0 und d
082 _b93734
_a--- न 05
100 _aमाने लक्ष्मण.
245 _aउपरा.
260 _bग्रंथाली,मुंबई.
_c2005
300 _a154
_bसाधी
365 _b100
520 _aकादंबरी.
630 _aउपरा.
650 _aकादंबरी.
730 _aउपरा.
942 _cBOOK
999 _c734177
_d734174